000 00611nam a2200205Ia 4500
003 OSt
005 20240905151701.0
008 220927b |||||||| |||| 00| 0 eng d
020 _a9780470849743
037 _cTextual
040 _aSDCL
_cSDCL
_beng
041 _2eng
_aeng
082 _aG:6k P5.3
100 _aLittle, Peter F. R. Ed.
_9722681
245 0 _aEncyclopedia of genetics, genomics, proteomics and bioinformatics.
260 _aChichester :
_bWiley,
_c2005.
300 _axxii,851-1248p.
942 _hG:6k P5.3
_cREF
_2CC
999 _c796271
_d796271